Statistics for Queen & David Bowie - Under Pressure Lyrics

Click here to take the quiz!

General Stats

  • This quiz has been taken 77 times
  • The average score is 23 of 41

Answer Stats

Line Blank(s) % Correct
________, pushing down on me{Pressure}, pushing down on me
96%
________{Pressure}
96%
Watching some good friends _________Watching some good friends {screaming}
76%
"___ __ ___!""{Let me out}!"
75%
Puts people on _______Puts people on {streets}
72%
People on _______People on {streets}
70%
Can't we give ourselves one more ______?Can't we give ourselves one more {chance}?
70%
This is our ____ danceThis is our {last} dance
70%
Why can't we give love that one more ______?Why can't we give love that one more {chance}?
70%
Why can't we ____ love, ____ love, ____ love, ____ loveWhy can't we {give} love, {give} love, {give} love, {give} love
70%
Pressure on people, ______ on streetsPressure on people, {people} on streets
67%
These are the days it never rains but it _____These are the days it never rains but it {pours}
66%
It's the ______ of knowing what the world is aboutIt's the {terror} of knowing what the world is about
64%
________ down on you, no man ask for{Pressing} down on you, no man ask for
61%
Turned away from it all like a _____ manTurned away from it all like a {blind} man
55%
____{Okay}
54%
____ love, ____ love, ____ love, ____ love, ____ love?{Give} love, {give} love, {give} love, {give} love, {give} love?
54%
Ee day da, that's ____Ee day da, that's {okay}
54%
Splits a ______ in twoSplits a {family} in two
51%
Pray ________ gets me higher, highPray {tomorrow} gets me higher, high
49%
___, ___, ___?{Why}, {why}, {why}?
49%
Chipping around, kick my ______ around the floorChipping around, kick my {brains} around the floor
49%
Pray ________ gets me higherPray {tomorrow} gets me higher
49%
This is _________ under pressureThis is {ourselves} under pressure
48%
____, ____, ____, ____, ____{Love}, {love}, {love}, {love}, {love}
46%
'Cause love's such an ___ _________ word'Cause love's such an {old fashioned} word
40%
______ ________{Under pressure}
39%
Sat on a _____ but it don't workSat on a {fence} but it don't work
34%
The people on the edge of the _____The people on the edge of the {night}
31%
Keep coming up with love but it's so _______ ___ ____Keep coming up with love but it's so {slashed and torn}
30%
And love _____ you to care forAnd love {dares} you to care for
30%
Insanity ______ under pressure we're breakingInsanity {laughs} under pressure we're breaking
28%
Under pressure that _____ a building downUnder pressure that {burns} a building down
28%
______ about ourselves{Caring} about ourselves
27%
And love (people on streets) dares you to ______ ___ ___ ofAnd love (people on streets) dares you to {change our way} of
24%

Score Distribution

Percentile by Number Answered

Percent of People with Each Score

Your Score History

You have not taken this quiz